Le discours de Doflamingo à Marine Ford (One Piece) - Statistiques

Statistiques générales
  • Ce quiz a été pris 85 fois
  • Le résultat moyen est 75 sur 101
Statistiques - réponses
Discours de Doflamingo à Marine Ford % Correct
le
98%
C'
95%
a
93%
La
93%
la
93%
d'
91%
Les
91%
les
91%
mal?
89%
mal!
89%
qu'
89%
n'
86%
t-
86%
ce
84%
Ce
84%
de
84%
et
84%
justice ?
84%
justice
84%
on
84%
va
84%
Il
82%
jamais
82%
Marine
82%
pirates
82%
se
82%
ils
80%
connu
77%
en
77%
guerre,
77%
ont
77%
qui
77%
ça
75%
comment
75%
paix,
75%
valeurs
75%
valeurs ?
75%
au
73%
bien
73%
Bien
73%
des
73%
elle?
73%
serait
73%
est
70%
vient,
70%
autres
68%
mêmes
68%
sont
64%
y
64%
aient
61%
-tu
61%
veux-
61%
ceux
59%
que
59%
pour
57%
sûr
55%
changé
52%
oui!
52%
appartient
50%
aux
50%
vainqueurs!
50%
fois!
45%
neutre!
45%
sommet
45%
tellement
45%
gamins
43%
pleine
43%
Parce
41%
tiennent
41%
vaincra-
41%
zone
41%
déjà
36%
définissent
34%
Aucun quiz correspondant
Distribution des résultats
% des personnes avec chaque résultat
Percentile par nombre de réponses
Votre historique - résultats
Vous n’avez pas pris ce quiz